00566nam a22001577a 4500003000400000008004100004020001800045082002200063245011200085260007300197300001600270650003400286650004100320650002000361700002700381OSt260623b |||||||| |||| 00| 0 eng d a9789366260389 a631.584028 bS46T aA Textbook of Modern Organic Farming : With Emphasis on Natural Farming/ by K. S. Vijai Selvaraj...[et al.] aNew Delhi: bInternational Books & Periodicals Supply Service,c2025 axii, 421 p. aTechnology (Applied Sciences) aAgriculture and related technologies aOrganic farming aSelvaraj, K. S. Vijai